|
|
|
|
| LEADER |
02105cam a2200589 a 4500 |
| 001 |
nkc20132439746 |
| 003 |
CZ PrNK |
| 005 |
20161107093334.0 |
| 007 |
ta |
| 008 |
130104s2012 xr e 000 d cze d |
| 015 |
|
|
|a cnb002439746
|
| 020 |
|
|
|a 978-80-7437-080-9
|q (brož.) :
|c Kč 120,00
|
| 035 |
|
|
|a (OCoLC)837503424
|
| 040 |
|
|
|a ULG001
|b cze
|d BOA001
|d ABA001
|
| 041 |
0 |
|
|a cze
|b eng
|
| 043 |
|
|
|a e-xr---
|
| 045 |
|
|
|a x-x-
|
| 072 |
|
7 |
|a 792
|x Divadlo. Divadelní představení
|2 Konspekt
|9 3
|
| 080 |
|
|
|a 792
|2 MRF
|
| 080 |
|
|
|a 792.73
|2 MRF
|
| 080 |
|
|
|a 821.162.3-2
|2 MRF
|
| 080 |
|
|
|a (048.8)
|2 MRF
|
| 080 |
|
|
|a (0:82-9)
|2 MRF
|
| 080 |
|
|
|a (0:82-2)
|2 MRF
|
| 100 |
1 |
|
|a Bass, Eduard,
|d 1888-1946
|7 jk01011066
|4 aut
|
| 245 |
1 |
0 |
|a Kabaret Eduarda Basse /
|c editor Milan Šotek ; [připravil Ústav dramatické a scénické tvorby Divadelní fakulty AMU]
|
| 250 |
|
|
|a 1. vyd.
|
| 260 |
|
|
|a Praha :
|b KANT,
|c 2012
|
| 300 |
|
|
|a 157 s. ;
|c 18 cm
|
| 490 |
1 |
|
|a Disk. Malá řada ;
|v sv. 13
|
| 504 |
|
|
|a Obsahuje bibliografii a rejstřík
|
| 546 |
|
|
|a Anglické resumé
|
| 600 |
1 |
7 |
|a Bass, Eduard,
|d 1888-1946
|7 jk01011066
|2 czenas
|
| 648 |
|
7 |
|a 20. století
|7 ch460558
|2 czenas
|
| 650 |
0 |
7 |
|a divadlo
|7 ph119513
|z Česko
|y 20. století
|2 czenas
|
| 650 |
0 |
7 |
|a kabarety
|7 ph121381
|z Česko
|y 20. století
|2 czenas
|
| 650 |
0 |
9 |
|a theater
|z Czechia
|y 20th century
|2 eczenas
|
| 650 |
0 |
9 |
|a cabarets
|z Czechia
|y 20th century
|2 eczenas
|
| 655 |
|
7 |
|a studie
|7 fd133597
|2 czenas
|
| 655 |
|
7 |
|a texty
|7 fd133699
|2 czenas
|
| 655 |
|
7 |
|a česká dramata
|7 fd133957
|2 czenas
|
| 655 |
|
9 |
|a studies
|2 eczenas
|
| 655 |
|
9 |
|a texts
|2 eczenas
|
| 655 |
|
9 |
|a Czech drama
|2 eczenas
|
| 700 |
1 |
|
|a Šotek, Milan,
|d 1985-
|7 xx0164201
|4 edt
|
| 710 |
2 |
|
|a Akademie múzických umění v Praze.
|b Ústav dramatické a scénické tvorby
|7 pna2005285498
|
| 830 |
|
0 |
|a Disk (Akademie múzických umění v Praze).
|p Malá řada
|0 s
|
| 910 |
2 |
|
|a BOA001
|b 1-1299.294
|
| 990 |
|
|
|a BK
|
| 995 |
|
|
|a 01
|
| 991 |
|
|
|b 201302
|c NOV
|e n
|
| 996 |
6 |
|
|b 2610537934
|c 1-1299.294
|l MZK
|r Sklad / do 1 hodiny
|n 6
|p p.v.
|w 001312108
|u 000010
|a 1
|e BOA001
|j MZK50
|s P
|